Top 15 Countries with Covid-19 Deaths - 22 December 2021 - Statistics

General Stats
  • This quiz has been taken 21 times
  • The average score is 16 of 27
Answer Stats
country % Correct
Mexico
100%
United States
100%
Italy
95%
United Kingdom
95%
Brazil
90%
France
90%
Germany
90%
India
86%
Argentina
76%
Russia
76%
Colombia
67%
Peru
62%
Indonesia
57%
Iran
52%
Romania
43%
Slovenia
43%
Ukraine
43%
Bosnia and Herzegovina
38%
Bulgaria
38%
Croatia
38%
Hungary
38%
Slovakia
38%
Czechia
33%
North Macedonia
29%
Lithuania
19%
Armenia
14%
Georgia
14%
No matching quizzes found
Score Distribution
Percent of People with Each Score
Percentile by Number Answered
Your Score History
You have not taken this quiz